000 00336nam a22001217a 4500
082 _a530
_bBRI/P
100 _aBRILLIANT TUTORIALS
245 _aAIEEE CLASSROOM CORSE PHYSICS
_bQUESTION BANK - PART 1
260 _aCHENNAI
_bBRILLIANT TUTORIALS PRIVATE LIMITED
300 _a63
650 _aPHYSICS AIEEE QUESTION BANK
_zINDIA
942 _cBK
999 _c520
_d520